00468 2200169 4500001002100000008004100021035002000062245006000082100001900142260003800161300001200199020002200211084001900233082001100252650001400263990002100277INLIS000000000002657 ind  a0010-0425000013 aEnsiklopedia fikih untuk remaja jilid IIcIndi Aunullah aIndi, Aunullah aYogyakarta :bInsan madani,c2008 a132 hlm a978-602-1527-04-7 aR 297.03 Ind e a297.03 aReferensi a48/R/SMPN7SBY/16